Normal view
MARC view
- Woolfe, Roger
Entry Personal Name
001 - CONTROL NUMBER
- control field: 106917
003 - CONTROL NUMBER IDENTIFIER
- control field: NUST
005 - DATE AND TIME OF LATEST TRANSACTION
- control field: 20230116170506.0
008 - FIXED-LENGTH DATA ELEMENTS
- fixed length control field: 230116|| aca||aabn | a|a d
040 ## - CATALOGING SOURCE
- Original cataloging agency: NUST
- Transcribing agency: NUST
100 ## - HEADING--PERSONAL NAME
- Personal name: Woolfe, Roger
670 ## - SOURCE DATA FOUND
- Source citation: Work cat.: (NUST)184799: Woolfe, Roger., Videotex :, c1980.
